000 01119 a2200217 4500
001 29436
005 20260407155604.0
008 260407a1995 arg spa d
003 AR-UNSa-BCEJYS
040 _aAR-UNSa-BCEJYS
_bspa
_cAR-UNSa-BCEJYS
080 _a336.225
_xMétodo de tributación y administración de impuestos
245 1 0 _aCuadernos de Procedimiento Tributario
264 1 _aBuenos Aires :
_bEdiciones Nueva Técnica
_c1995
300 _a10 v.
_c28 cm.
505 _aVol. I: Nociones de Derecho Procesal Civil y Administrativo -- Vol. II: Sujetos pasivos, liquidaciones de impuestos, prescripción -- Vol. III: Determinación de oficio -- Vol. IV: Ilicitos formales genericos -- Vol. V: Vol. VII: Verificación y fiscalización D.G.I. -- Vol. VIII: Recursos ejecuciones fiscales Tribunal Fiscal de la Nación --
041 _aspa
942 _cBK
590 _aniveau_biblio:m niveau_hierar:0
100 1 _aCeldeiro, Ernesto Carlos
856 4 1 _uhttps://biblioeco.unsa.edu.ar/pmb/images/libros/Nociones de Derecho Tributario Procesal Civil y Administrativo-l85061.jpg
_yImagen de portada
_qimage/jpeg
999 _c1861
_d1861